Tourist Attractions - South & Central America - Statistics

General Stats
  • This quiz has been taken 10 times
  • The average score is 21 of 25
Answer Stats
Question Answer % Correct
It is an activity for true adventurers. What is the highest mountain in South America? Aconcagua
100%
One of the most isolated islands on Earth, Easter Island is officially a territory of which country? Chile
100%
What is the name of the famous beach in Rio de Janeiro? Copacabana
100%
The Galapagos Islands are a small archipelago of volcanic islands belonging to which country? Ecuador
100%
Christ the Redeemer is the famous statue of Jesus Christ in which city? Rio de Janeiro
100%
What is the name of bossa nova song that made Ipanema beach in Rio de Janeiro famous? The Girl from Ipanema
100%
Angel Falls is the highest uninterrupted waterfall in the world. Where is it located? Venezuela
100%
The Salar de Uyuni is one of the flattest places in the world, formed by a prehistoric lake. Where is it located? Bolivia
90%
The Baths are situated at the southern tip of Virgin Gorda. Which UK overseas territory is that? British Virgin Islands
90%
What is the name of an island near Yucatan peninsula, famous for scuba diving and snorkeling? Cozumel
90%
Impressive ancient site, Machu Picchu is also known as the Lost city of which civilizations? Incas
90%
The Pyramid of the Sun is the largest pyramid in Teotihuacán. Where is it located? Mexico
90%
How long is the Panama Canal, that connects the Atlantic Ocean with the Pacific Ocean? 82 km
80%
Ushuaia is commonly regarded as the southernmost city in the world. Where is it located? Argentina
80%
Iguazú Falls is located in the northeastern corner of which country? Argentina
80%
El Arco is an incredible arch found near which city in Mexico? Cabo San Lucas
80%
What is the name of Mexico's most visited tourist attractions? Chichen Itza
80%
Dunn's River Falls is one of the most famous natural attractions in which Caribbean country? Jamaica
80%
Catedral Metropolitana is the oldest and the largest cathedral in Latin America. Where is it located? Mexico City
80%
Where is Trunk Bay beach that attracts hordes of cruise ship passengers located? US Virgin islands
80%
In which country is Atlantis Paradise Island located? Bahamas
70%
Where is popular dive destination, the Great Blue Hole located? Belize
70%
The Perito Moreno Glacier is one of the most important tourist attractions in which country? Argentina
50%
Caracol is the largest Maya site in which country? Belize
50%
A popular port-of-call for cruise ships, the island of Roatan is one of the most popular tourist attractions in which country? Honduras
50%
No matching quizzes found
Score Distribution
Percent of People with Each Score
Percentile by Number Answered
Your Score History
You have not taken this quiz